Leaders during WW2 - Statistics

General Stats
  • This quiz has been taken 1,137 times
    1,117 since last reset
  • The average score is 7 of 8
Answer Stats
Leaders Answer % Correct
Franklin D. Roosevelt USA
98%
Harry Truman USA
98%
Adolf Hitler Germany
96%
Benito Mussolini Italy
94%
Emperor Hirohito Japan
94%
Charles De Gaulle France
92%
Josef Stalin Soviet Union
86%
Winston Churchill Britain
52%
No matching quizzes found
Score Distribution
Percent of People with Each Score
Percentile by Number Answered
Your Score History
You have not taken this quiz since the last reset